| 000 | 01016nam a22002537a 4500 | ||
|---|---|---|---|
| 005 | 20170124103045.0 | ||
| 010 | _a192075 | ||
| 020 | _c00.00 | ||
| 035 | _a192075 | ||
| 037 | _bCen Lib/Ret | ||
| 040 |
_aDPL _bHN |
||
| 082 |
_aउ _bवनद्यो |
||
| 100 |
_aवन्द्योपाध्याय, ताराशंकर _968706 |
||
| 245 |
_aमहाश्वेता / _cताराशंकर वन्द्योपाध्याय |
||
| 246 |
_aMahashweta / _bby Tarashnakr Vandyopadhyaya |
||
| 260 |
_aनयी दिल्ली _bराजकमल प्रकाशन _c1956 |
||
| 270 | _bनयी दिल्ली | ||
| 300 |
_a235पृ. _c16सेमी (सजिल्द) |
||
| 650 |
_aहिंदी साहित्य _968707 |
||
| 650 |
_aहिंदी साहित्य _xउपन्यास _942619 |
||
| 650 |
_aHindi literature _968708 |
||
| 650 |
_aHindi literature _xfiction _968709 |
||
| 942 |
_2ddc _cHN _hउ _mवनद्यो |
||
| 999 |
_c116863 _d116863 |
||